Sega Genesis Mini games - Statistics

General Stats
  • This quiz has been taken 171 times
  • The average score is 19 of 42
Answer Stats
Answer % Correct
Sonic the Hedgehog
100%
Sonic the Hedgehog 2
95%
Golden Axe
80%
Streets of Rage 2
80%
Altered Beast
76%
Alex Kidd in the Enchanted Castle
63%
Columns
61%
Phantasy Star IV: The End of the Millennium
59%
Sonic Spinball
59%
Street Fighter II: Special Champion Edition
59%
Vectorman
59%
Castlevania: Bloodlines
56%
Contra: Hard Corps
56%
Comix Zone
54%
ToeJam & Earl
54%
Shinobi III: Return of the Ninja Master
51%
Dr. Robotnik's Mean Bean Machine
49%
Ecco the Dolphin
49%
Gunstar Heroes
41%
Kid Chameleon
41%
Mega Man: The Wily Wars
41%
Shining Force
41%
Tetris
41%
Road Rash II
39%
Castle of Illusion Starring Mickey Mouse
37%
Ghouls 'n Ghosts
37%
Virtua Fighter 2
37%
Darius
34%
Earthworm Jim
34%
Eternal Champions
34%
Strider
34%
Beyond Oasis
32%
Dynamite Headdy
32%
Wonder Boy in Monster World
27%
Light Crusader
24%
Space Harrier II
24%
Thunder Force III
24%
Alisia Dragoon
20%
Landstalker
20%
Super Fantasy Zone
20%
Monster World IV
17%
World of Illusion
15%
No matching quizzes found
Score Distribution
Percent of People with Each Score
Percentile by Number Answered
Your Score History
You have not taken this quiz